| 000 | 00470nam a22001697a 4500 | ||
|---|---|---|---|
| 999 |
_c20712 _d20712 |
||
| 003 | BDDh-ASL | ||
| 005 | 20231015025927.0 | ||
| 008 | 210113s1970 enk||||| |||| 00| 0 eng d | ||
| 040 |
_aBDDh-ASL _cBDDh-ASL |
||
| 082 |
_a954 _bSPH |
||
| 100 | 1 |
_92737 _aSpear, Percival |
|
| 245 | 1 | 2 | _aA History of India, Vol-2 / |
| 260 |
_aGreat Britain : _bHazell Watson & Viney Limited, _c1970. |
||
| 300 |
_a298 p. : _c18 cm. |
||
| 651 | 0 |
_9722 _aIndia _xHistory |
|
| 942 |
_2ddc _cBK |
||